Global governance of financial systems : (Record no. 20158)
[ view plain ]
| 000 -LEADER | |
|---|---|
| fixed length control field | 01329cam a22003015a 4500 |
| 001 - CONTROL NUMBER | |
| control field | 13382953 |
| 005 - DATE AND TIME OF LATEST TRANSACTION | |
| control field | 20160210110455.0 |
| 008 - FIXED-LENGTH DATA ELEMENTS--GENERAL INFORMATION | |
| fixed length control field | 031024t2006 enka frb f001 0 eng d |
| 020 ## - INTERNATIONAL STANDARD BOOK NUMBER | |
| International Standard Book Number | 9780195166989 (acidfree paper) |
| 020 ## - INTERNATIONAL STANDARD BOOK NUMBER | |
| International Standard Book Number | 0195166981 (acidfree paper) |
| 040 ## - CATALOGING SOURCE | |
| Original cataloging agency | DLC |
| Language of cataloging | eng |
| Transcribing agency | DLC |
| Modifying agency | DLC |
| -- | EG-ScBUE |
| -- | EG-ScBUE |
| 082 04 - DEWEY DECIMAL CLASSIFICATION NUMBER | |
| Classification number | 346.082 |
| Item number | ALE |
| Edition number | 22 |
| 100 1# - MAIN ENTRY--PERSONAL NAME | |
| Personal name | Alexander, Kern, |
| Dates associated with a name | 1962- |
| 9 (RLIN) | 39281 |
| 245 10 - TITLE STATEMENT | |
| Title | Global governance of financial systems : |
| Remainder of title | the international regulation of systemic risk / |
| Statement of responsibility, etc | Kern Alexander, Rahul Dhumale, John Eatwell. |
| 260 ## - PUBLICATION, DISTRIBUTION, ETC. (IMPRINT) | |
| Place of publication, distribution, etc | Oxford ; |
| -- | New York : |
| Name of publisher, distributor, etc | Oxford University Press, |
| Date of publication, distribution, etc | c.2006. |
| 300 ## - PHYSICAL DESCRIPTION | |
| Extent | vii, 320 p. : |
| Other physical details | ill. ; |
| Dimensions | 24 cm. |
| 490 0# - SERIES STATEMENT | |
| Series statement | Finance and the economy |
| 500 ## - GENERAL NOTE | |
| General note | Index : p. 313-320. |
| 504 ## - BIBLIOGRAPHY, ETC. NOTE | |
| Bibliography, etc | Bibliography : p. 273-311. |
| 520 ## - SUMMARY, ETC. | |
| Summary, etc | The authors set forth the economic rationale for international financial regulation & what role, if any, international regulation can play in effectively managing the systemic risk while providing accountability to all affected nations. |
| 650 #7 - SUBJECT ADDED ENTRY--TOPICAL TERM | |
| Topical term or geographic name as entry element | Financial services industry |
| General subdivision | Law and legislation. |
| Source of heading or term | BUEsh |
| 9 (RLIN) | 36691 |
| 650 #0 - SUBJECT ADDED ENTRY--TOPICAL TERM | |
| Topical term or geographic name as entry element | Financial services industry |
| General subdivision | State supervision. |
| Source of heading or term | BUEsh |
| 651 ## - SUBJECT ADDED ENTRY--GEOGRAPHIC NAME | |
| Source of heading or term | BUEsh |
| 653 ## - INDEX TERM--UNCONTROLLED | |
| Resource For college | BAEPS, Business Administration |
| Arrived date list | July2015 |
| -- | February2016 |
| 700 1# - ADDED ENTRY--PERSONAL NAME | |
| Personal name | Dhumale, Rahul. |
| 700 1# - ADDED ENTRY--PERSONAL NAME | |
| Personal name | Eatwell, John. |
| 942 ## - ADDED ENTRY ELEMENTS (KOHA) | |
| Source of classification or shelving scheme | Dewey Decimal Classification |
| Withdrawn status | Lost status | Source of classification or shelving scheme | Damaged status | Not for loan | Koha collection | Home library | Current library | Shelving location | Date acquired | Source of acquisition | Cost, normal purchase price | Serial Enumeration / chronology | Total Checkouts | Full call number | Barcode | Date last seen | Cost, replacement price | Koha item type |
|---|---|---|---|---|---|---|---|---|---|---|---|---|---|---|---|---|---|---|
| Dewey Decimal Classification | Baccah | Central Library | Central Library | First floor | 02/07/2015 | Purchase | 267.00 | 22353 | 346.082 ALE | 000038898 | 15/07/2025 | 334.00 | Book - Borrowing |